Elección y proclamación de nuevos diputados
Publicado:
San Jorge, núm. 66 (abril 1967), pàg 42 - 55 :
Materias:
Barcelona. Diputació -- Diputats
MARC
| LEADER | 00000nam a2200000Ia 4500 | ||
|---|---|---|---|
| 001 | |||
| 008 | 160829s9999 xx 000 0 cat d | ||
| 245 | |a Elección y proclamación de nuevos diputados | ||
| 260 | |a San Jorge, núm. 66 (abril 1967), pàg 42 - 55 | ||
| 590 | |a Inclou el nombrament de les Comissions, les representacions de les diputacions en juntes i organismes diversos i les delegacions de caràcter especial. | ||
| 650 | |a Barcelona. Diputació |x Diputats |9 22930 | ||
| 901 | |a Arxiu | ||
| 942 | |n 1 | ||
| 952 | |0 0 |1 0 |4 0 |7 1 |9 49625 |a Arxiu |b Arxiu |d 2016-12-01 |l 0 |r 2016-12-01 00:00:00 |w 2016-12-01 |y ARXIU | ||
| 999 | |c 53467 |d 53467 | ||